| 000 | 01811nam a22002537a 4500 | ||
|---|---|---|---|
| 999 |
_c1194 _d1194 |
||
| 003 | OSt | ||
| 005 | 20190806195034.0 | ||
| 008 | 170320b xxu||||| |||| 00| 0 esp d | ||
| 040 |
_cRCAA _aDO-SdBJH _bspa |
||
| 090 |
_aTG AAFFM _b00855 2014 |
||
| 100 | 1 |
_a Guzmán Domínguez, Manuel Alejandro _esustentante |
|
| 245 | 1 | 0 |
_aAcademia Aérea General de Brigada Piloto Frank A. Feliz Miranda, FAD, propuesta: Implementación de un programa de defensa personal año 2015-2019 / _c Manuel Alejandro Guzmán Domínguez, Erick Antonio Morel Jiménez, Fraulin Gabriel Pérez Camacho, asesores Kyoshi Miguel Peña, Alberto Ortiz |
| 260 |
_aSanto Domingo Este : _bINSUDE, _c2014 |
||
| 300 | _axviii, 60 páginas, cuadros | ||
| 502 | _aTrabajo de grado (Licenciatura en Ciencias Aeronáuticas) -- Instituto Superior para la Defensa (INSUDE). Academia Aérea Gral. De Brigada Piloto Frank Andrés Feliz Miranda, 2014. | ||
| 504 | _aIncluye referencias bibliográficas e índices | ||
| 505 | _aExplicación de los métodos, Técnicas y Tácticas de Defensa Personal, y beneficios obtenidos a través de dicha practica; comparación de algunos programas de Defensa Personal utilizados por otras Fuerzas Armadas de la región como parte de su sistema de entrenamiento; establecimiento de elementos integrales del Programa de Defensa Personal Dirigido a los Cadetes de la Academia Aérea General de Brigada Piloto Frank Andrés Felix Miranda, FAD. | ||
| 700 | 1 |
_aMorel Jiménez, Erick Antonio _esustentante |
|
| 700 | 1 |
_aPérez Camacho, Fraulin Gabriel _esustentante |
|
| 700 | 1 |
_aPeña, Kyoshi Miguel _easesor |
|
| 700 | 1 |
_aOrtiz, Alberto _easesor |
|
| 830 | _aINSUDE. Academia Aérea Gral. De Brig. Pil. Frank Andrés Feliz Miranda. Tesis y disertaciones. | ||
| 942 |
_2CL _cT |
||